Necesaria modificación legal en la adopción de los expósitos /
Descripción Física:
Il·lustracions
Colección:
San Jorge,
; núm. 12 (octubre 1953), pàg 69-73
Idioma:
Español
MARC
| LEADER | 00000naa a2200000 a 4500 | ||
|---|---|---|---|
| 003 | Arxiu | ||
| 005 | 20260324181039.0 | ||
| 008 | 160829s1953 spcaxx s spa c | ||
| 040 | |a agdb | ||
| 100 | |a Pérez Rodríguez, Julián |9 29801 | ||
| 245 | 1 | |a Necesaria modificación legal en la adopción de los expósitos / |c por Julián Pérez Rodríguez | |
| 300 | |b Il·lustracions | ||
| 490 | |a San Jorge, |v núm. 12 (octubre 1953), pàg 69-73 | ||
| 650 | |a Expòsits |x Dret i legislació |9 31068 | ||
| 650 | |a Adopció |x Espanya |9 32150 | ||
| 773 | |g Núm. 12 (octubre 1953), pàg 69-73 |t San Jorge. | ||
| 901 | |a Arxiu | ||
| 942 | |n 1 |2 udc |c ART | ||
| 952 | |0 0 |1 0 |2 udc |4 0 |6 REV508 |7 1 |9 64475 |a Arxiu |b Arxiu |d 2022-11-30 |o Rev-508 |r 2022-11-30 00:00:00 |w 2022-11-30 |y ARXIU |z També disponible a Rev-522 | ||
| 999 | |c 48805 |d 48805 | ||